000 00469nmm a2200157Ia 4500
008 251105s9999||||xx |||||||||||||||||und||
020 _a9788487072819
041 _aspa
100 _aSalvador Martí i Puig
245 0 _aPueblos indígenas y política en América Latina
264 _a[Madrid, España] :
_bCIDOB,
_c2007
300 _a544 páginas
650 _aPolitical Science (General)
856 _uhttps://public.digitaliapublishing.com/a/19579
942 _cCF
999 _c87013
_d87013